Teacher education : innovation, intervention and impact /

Bibliographic Details
Corporate Author: ProQuest (Firm)
Other Authors: Brandenburg, Robyn (Editor)
Format: eBook
Language:English
Published: Singapore : Springer, [2016]
Subjects:
Online Access:Connect to the full text of this electronic book

MARC

Tag First Indicator Second Indicator Subfields
LEADER 00000cam a2200000zi 4500
001 in00004039813
006 m o d
007 cr cnu|||unuuu
008 160711s2016 si o 000 0 eng d
005 20221130132840.4
020 |a 9789811007859  |q electronic book 
020 |a 9811007853  |q electronic book 
020 |z 9789811007842 
024 8 |a 99984737778 
035 |a (NhCcYBP)ebc4558197 
035 |a in00004039813 
040 |a NhCcYBP  |c NhCcYBP  |d UtOrBLW 
043 |a u-at--- 
050 4 |a LB1727.A7  |b T43 2016 
082 0 4 |a 370.710994  |2 23 
245 0 0 |a Teacher education :  |b innovation, intervention and impact /  |c Robyn Brandenburg [and three others], editors. 
264 1 |a Singapore :  |b Springer,  |c [2016] 
300 |a 1 online resource. 
336 |a text  |b txt  |2 rdacontent 
337 |a computer  |b c  |2 rdamedia 
338 |a online resource  |b cr  |2 rdacarrier 
588 |a Description based on online resource; title from digital title page (viewed on June 24, 2016). 
500 |a Electronic resource. 
650 0 |a Teachers  |x Training of  |x Research  |z Australia. 
655 7 |a Electronic books.  |2 local 
700 1 |a Brandenburg, Robyn,  |e editor.  |0 http://id.loc.gov/authorities/names/n2008041247 
710 2 |a ProQuest (Firm)  |0 http://id.loc.gov/authorities/names/n2007068018 
856 4 0 |u https://ebookcentral.proquest.com/lib/tamucs/detail.action?docID=4558197  |z Connect to the full text of this electronic book  |t 0 
945 |a machinegen 
955 |a YBP purchased DDA e-records 
980 |b 129.00  |g 1 
987 |a ybp13043521 
999 f f |s bf17da35-9da5-4ccd-a2ba-93028c7a784d  |i 4460b322-a8d8-3714-b9f6-a27055a62994  |t 0 
952 f f |a Texas A&M University  |b College Station  |c Electronic Resources  |d Available Online  |t 0  |e LB1727.A7 T43 2016  |h Library of Congress classification 
998 f f |a LB1727.A7 T43 2016  |t 0  |l Available Online